000 00732nam a2200289Ia 4500
005 20260324122851.0
008 008 260324s9999 xx 000 0 eng d
020 _a9780203101759
037 _aEBOOK
040 _aCRL
040 _beng
040 _cCRL
041 _2eng
041 _aeng
084 _qCRL
100 _aFrank Symons; John Hoch; Anthony D. Pellegrini
_91168129
245 0 _aObserving Children in Their Natural Worlds
245 2 _bA Methodological Primer, Third Edition
260 _bTaylor and Francis
260 _c2012
365 _a
365 _b230
856 _uhttp://www.taylorfrancis.com/books/9780203101759
942 _cEBOOK
999 _c1761176
_d1761176